Equity, Growth, and Community (Record no. 352966)
[ view plain ]
| 000 -LEADER | |
|---|---|
| fixed length control field | 00697nam a2200121Ia 4500 |
| 008 - FIXED-LENGTH DATA ELEMENTS--GENERAL INFORMATION | |
| fixed length control field | 171212s9999 xx 000 0 und d |
| 100 ## - MAIN ENTRY--PERSONAL NAME | |
| Personal name | Benner, Chris;Pastor, Manuel |
| 245 ## - TITLE STATEMENT | |
| Statement of responsibility, etc | Benner, Chris;Pastor, Manuel |
| Title | Equity, Growth, and Community |
| Remainder of title | What the Nation Can Learn from America's Metro Areas |
| 260 ## - PUBLICATION, DISTRIBUTION, ETC. (IMPRINT) | |
| Name of publisher, distributor, etc | University of California Press |
| Date of publication, distribution, etc | 2015 |
| 650 ## - SUBJECT ADDED ENTRY--TOPICAL TERM | |
| Topical term or geographic name as entry element | Economic development -- Social aspects -- United States; Economic development projects -- United States -- Case studies; Income distribution -- United States; Regional planning -- United States -- Case studies; Cities and towns -- United States -- Economi |
| 650 ## - SUBJECT ADDED ENTRY--TOPICAL TERM | |
| Topical term or geographic name as entry element | Sociology |
| 856 ## - ELECTRONIC LOCATION AND ACCESS | |
| Uniform Resource Identifier | <a href="http://jstor.org/stable/10.1525/j.ctt1ffjnd4">http://jstor.org/stable/10.1525/j.ctt1ffjnd4</a> |
| Withdrawn status | Lost status | Damaged status | Home library | Current library | Date acquired | Total Checkouts | Full call number | Date last seen | Price effective from | Koha item type |
|---|---|---|---|---|---|---|---|---|---|---|
| College Library | College Library | 12/12/2017 | HC110.E44B46 2015 | 12/12/2017 | 12/12/2017 | Curriculum - Based eBooks |